000 00543nam a2200169 i 4500
001 68473
003 ES-MaACL
005 20230906170307.0
007 t|
008 040629s1875 sp ||||1| spa d
100 1 _aGarcía de Torres, Juan.
_954497
245 1 3 _aEl tabaco
_b: consideraciones sobre el pasado, presente y porvenir de esta venta /
_cJuan García de Torres.
260 _aMadrid :
_b[s.n.],
_c1875 (
_fImp. de J. Noguera)
300 _a184 p. ;
_c24 cm.
650 4 _aEstanco del tabaco.
_9150129
852 _aES-MaACL
_jT-250-F-5
999 _c68473
_d68473